[Event "Moscow Rapid Chess Cup 2018"]
[Site "?"]
[Date "2018.12.08"]
[Round "1.13"]
[White "Vasilevich, Irina"]
[Black "Utiatskaja, Irina"]
[Result "1/2-1/2"]
[BlackElo "2064"]
[WhiteElo "2228"]
[LiveChessVersion "1.4.8"]

1. c4 {[%clk 0:15:18]} Nf6 {[%clk 0:15:16]} 2. Nc3 {[%clk 0:15:27]} g6
{[%clk 0:15:24]} 3. g3 {[%clk 0:15:34]} Bg7 {[%clk 0:15:32]} 4. Bg2
{[%clk 0:15:42]} O-O {[%clk 0:15:40]} 5. e4 {[%clk 0:15:35]} d6 {[%clk 0:15:38]}
6. Nge2 {[%clk 0:15:43]} c5 {[%clk 0:15:39]} 7. O-O {[%clk 0:15:47]} Nc6
{[%clk 0:15:45]} 8. d3 {[%clk 0:15:54]} Ne8 {[%clk 0:15:48]} 9. Be3
{[%clk 0:15:25]} Nd4 {[%clk 0:15:39]} 10. Qd2 {[%clk 0:14:22]} Nc7
{[%clk 0:14:40]} 11. Bh6 {[%clk 0:14:07]} e5 {[%clk 0:13:40]} 12. Bxg7
{[%clk 0:13:23]} Kxg7 {[%clk 0:13:49]} 13. f4 {[%clk 0:13:01]} f6
{[%clk 0:13:20]} 14. Nxd4 {[%clk 0:09:59]} cxd4 {[%clk 0:13:19]} 15. Nd1
{[%clk 0:09:18]} a5 {[%clk 0:12:03]} 16. Nf2 {[%clk 0:07:58]} Na6
{[%clk 0:11:41]} 17. b3 {[%clk 0:05:45]} Nc5 {[%clk 0:11:07]} 18. Rab1
{[%clk 0:05:53]} Bd7 {[%clk 0:10:54]} 19. a3 {[%clk 0:05:01]} a4 {[%clk 0:06:13]}
20. b4 {[%clk 0:04:43]} Nb3 {[%clk 0:06:17]} 21. Qe2 {[%clk 0:04:03]} Qc8
{[%clk 0:05:36]} 22. Bf3 {[%clk 0:02:59]} Qc7 {[%clk 0:01:41]} 23. Qe1
{[%clk 0:01:51]} b5 {[%clk 0:01:29]} 24. cxb5 {[%clk 0:00:46]} Bxb5
{[%clk 0:01:38]} 25. Bd1 {[%clk 0:00:37]} Qf7 {[%clk 0:01:28]} 26. fxe5
{[%clk 0:00:28]} dxe5 {[%clk 0:01:37]} 27. Bxb3 {[%clk 0:00:18]} axb3
{[%clk 0:01:46]} 28. Qd2 {[%clk 0:00:25]} Rxa3 {[%clk 0:01:33]} 29. Ng4
{[%clk 0:00:34]} Ra2 {[%clk 0:01:37]} 30. Qh6+ {[%clk 0:00:41]} Kh8
{[%clk 0:01:45]} 31. Rxf6 {[%clk 0:00:45]} Qxf6 {[%clk 0:01:49]} 32. Nxf6
{[%clk 0:00:53]} Rxf6 {[%clk 0:01:58]} 33. Qg5 {[%clk 0:00:57]} Rff2
{[%clk 0:01:31]} 34. Qxe5+ {[%clk 0:01:03]} Kg8 {[%clk 0:01:37]} 35. Qd5+
{[%clk 0:01:05]} Kf8 {[%clk 0:01:16]} 36. Qc5+ {[%clk 0:00:48]} Kg8
{[%clk 0:01:15]} 37. Qd5+ {[%clk 0:00:48]} Kf8 {[%clk 0:01:22]} 38. Qd8+
{[%clk 0:00:40]} Kf7 {[%clk 0:01:27]} 39. Qd5+ {[%clk 0:00:34]} Kf8
{[%clk 0:01:34]} 40. Qd6+ {[%clk 0:00:17]} Kf7 {[%clk 0:01:31]} 41. Qc7+
{[%clk 0:00:20]} Kg8 {[%clk 0:01:35]} 42. Qd8+ {[%clk 0:00:29]} Kf7
{[%clk 0:01:43]} 43. Qc7+ {[%clk 0:00:34]} Kg8 {[%clk 0:01:46]} 44. Qc8+
{[%clk 0:00:21]} Kf7 {[%clk 0:01:53]} 45. Qc7+ {[%clk 0:00:22]} Kg8
{[%clk 0:01:58]} 46. Qc8+ {[%clk 0:00:15]} Kf7 47. Qc7+ Kf8 48. Rxb3 Rfc2
{[%clk 0:01:56]} 49. Rb1 1/2-1/2

[Event "Moscow Rapid Chess Cup 2018"]
[Site "?"]
[Date "2018.12.08"]
[Round "1.14"]
[White "Fatianova, Tatiana"]
[Black "Strutinskaia, Galina"]
[Result "0-1"]
[BlackElo "2204"]
[WhiteElo "2053"]
[LiveChessVersion "1.4.8"]

1. e4 c5 2. Nc3 Nc6 3. Bb5 g6 4. Bxc6 bxc6 5. d3 Bg7 6. Nf3 d6 7. O-O Bg4 8. h3
Bxf3 9. Qxf3 e5 10. b3 Qd7 11. Bg5 f6 12. Bd2 Ne7 13. Qg4 h5 14. Qxd7+ Kxd7 15.
Rad1 g5 16. Ne2 g4 17. f4 gxh3 18. gxh3 Bh6 19. f5 d5 20. Kh2 Kd6 21. Rg1 Bxd2
22. Rxd2 Rag8 23. Rxg8 Nxg8 24. Ng1 Rh7 25. Rg2 Ne7 26. Nf3 c4 27. Nh4 Kc5 28.
Kg1 Kd4 29. Nf3+ Ke3 30. Nh4 cxd3 31. Rg3+ Kxe4 32. cxd3+ Kd4 33. Kf2 Kc3 34. Ke3
a5 35. Rg1 Kb2 36. Rg2+ Kc3 37. Rg1 Kb4 38. Rg2 Ka3 39. Kf3 c5 40. Rc2 Kb4 41.
Rg2 Kc3 42. Ke3 Nc6 43. Rg6 Rf7 44. Rh6 Nb4 45. Rxh5 Nxd3 46. Nf3 Nf4 47. Rh8 Rg7
48. Re8 Ng2+ 49. Kf2 e4 50. Ng1 Nh4 51. Ne2+ Kb2 52. Nf4 d4 53. Rxe4 Nxf5 54. Ne6
Rh7 55. Nxc5 Rxh3 56. Rf4 Rh5 57. b4 axb4 58. Nd3+ Kxa2 59. Nxb4+ Kb3 60. Nd3 Kc3
61. Nc5 Nd6 62. Rxf6 Rxc5 63. Rxd6 Re5 64. Rd8 d3 65. Rc8+ Kd2 66. Ra8 Rf5+ 67.
Kg1 Ke2 68. Re8+ Kd1 69. Rd8 d2 70. Kg2 Kc2 71. Rc8+ Kd3 72. Rd8+ Ke3 73. Kg3
Rg5+ 74. Kh4 Rg1 75. Re8+ Kf4 76. Rf8+ Ke5 0-1

[Event "Moscow Rapid Chess Cup 2018"]
[Site "?"]
[Date "2018.12.08"]
[Round "1.15"]
[White "Gvanceladze, Anna"]
[Black "Novikova, Galina"]
[Result "0-1"]
[BlackElo "2041"]
[WhiteElo "2191"]
[LiveChessVersion "1.4.8"]

1. e4 {[%clk 0:15:17]} e6 {[%clk 0:15:19]} 2. Qe2 {[%clk 0:15:21]} c5
{[%clk 0:15:21]} 3. g3 {[%clk 0:15:29]} Nc6 {[%clk 0:15:25]} 4. Nf3
{[%clk 0:15:37]} Nf6 {[%clk 0:14:00]} 5. Bg2 {[%clk 0:15:45]} d5 {[%clk 0:14:08]}
6. exd5 {[%clk 0:15:42]} Nxd5 {[%clk 0:14:14]} 7. O-O {[%clk 0:15:49]} Be7
{[%clk 0:14:16]} 8. Rd1 {[%clk 0:15:58]} Bf6 {[%clk 0:13:35]} 9. Nc3
{[%clk 0:15:57]} O-O {[%clk 0:13:34]} 10. Ne4 {[%clk 0:15:52]} Be7
{[%clk 0:13:42]} 11. c4 {[%clk 0:15:23]} Nf6 {[%clk 0:12:31]} 12. d3
{[%clk 0:13:03]} Bd7 {[%clk 0:07:30]} 13. b3 {[%clk 0:12:09]} Qc7
{[%clk 0:05:42]} 14. Bb2 {[%clk 0:12:05]} e5 {[%clk 0:05:12]} 15. h3
{[%clk 0:09:59]} Rad8 {[%clk 0:04:41]} 16. Ned2 {[%clk 0:06:07]} Bd6
{[%clk 0:04:38]} 17. Re1 {[%clk 0:04:05]} Rfe8 {[%clk 0:04:40]} 18. Ng5
{[%clk 0:04:00]} Bf5 {[%clk 0:03:30]} 19. Nge4 {[%clk 0:03:56]} Be7
{[%clk 0:03:01]} 20. Nxf6+ {[%clk 0:03:52]} Bxf6 {[%clk 0:03:10]} 21. Ne4
{[%clk 0:03:57]} Be7 {[%clk 0:03:05]} 22. Rad1 {[%clk 0:03:45]} Nd4
{[%clk 0:02:25]} 23. Bxd4 {[%clk 0:03:26]} cxd4 {[%clk 0:02:28]} 24. Nd2
{[%clk 0:02:58]} Bb4 {[%clk 0:02:25]} 25. Qf3 {[%clk 0:02:15]} Bc8
{[%clk 0:01:23]} 26. Re2 {[%clk 0:02:22]} b6 {[%clk 0:00:52]} 27. g4
{[%clk 0:02:30]} Re7 {[%clk 0:00:54]} 28. Nf1 {[%clk 0:02:28]} g6
{[%clk 0:00:43]} 29. Ng3 {[%clk 0:02:19]} Qd6 {[%clk 0:00:28]} 30. Ne4
{[%clk 0:02:11]} Qe6 {[%clk 0:00:33]} 31. Ng5 {[%clk 0:02:02]} Qd6
{[%clk 0:00:32]} 32. Qg3 {[%clk 0:02:06]} f6 {[%clk 0:00:28]} 33. Bd5+
{[%clk 0:02:03]} Kg7 {[%clk 0:00:35]} 34. Ne4 {[%clk 0:02:04]} Qc7
{[%clk 0:00:38]} 35. Qh4 {[%clk 0:01:44]} Rf8 {[%clk 0:00:36]} 36. g5
{[%clk 0:01:49]} fxg5 {[%clk 0:00:23]} 37. Nxg5 {[%clk 0:01:43]} Kh8
{[%clk 0:00:25]} 38. Rf1 {[%clk 0:01:02]} Bf5 {[%clk 0:00:26]} 39. Qg3
{[%clk 0:00:55]} Bd6 {[%clk 0:00:29]} 40. Qg2 {[%clk 0:00:48]} Bxd3
{[%clk 0:00:31]} 41. Rfe1 {[%clk 0:00:50]} Bxe2 {[%clk 0:00:40]} 42. Rxe2
{[%clk 0:01:00]} Qd7 {[%clk 0:00:32]} 43. Ne4 {[%clk 0:00:57]} Rg7
{[%clk 0:00:24]} 44. Qg3 {[%clk 0:00:58]} Bc7 {[%clk 0:00:30]} 45. Ng5
{[%clk 0:00:50]} Rf6 {[%clk 0:00:29]} 46. Re4 {[%clk 0:00:52]} Qf5
{[%clk 0:00:28]} 47. Qh4 {[%clk 0:00:47]} h5 {[%clk 0:00:24]} 48. Qg3
{[%clk 0:00:37]} d3 {[%clk 0:00:19]} 49. Qe3 {[%clk 0:00:30]} Bd6
{[%clk 0:00:16]} 50. Be6 {[%clk 0:00:16]} Bc5 {[%clk 0:00:11]} 51. Bxf5
{[%clk 0:00:12]} Bxe3 {[%clk 0:00:20]} 52. Rxe3 {[%clk 0:00:18]} gxf5
{[%clk 0:00:16]} 53. h4 {[%clk 0:00:27]} Rd7 {[%clk 0:00:17]} 54. Re1
{[%clk 0:00:28]} e4 {[%clk 0:00:23]} 55. Rd1 {[%clk 0:00:31]} Kg7
{[%clk 0:00:17]} 56. Kg2 {[%clk 0:00:38]} a6 {[%clk 0:00:18]} 57. Kg3
{[%clk 0:00:46]} f4+ {[%clk 0:00:17]} 58. Kg2 {[%clk 0:00:47]} e3
{[%clk 0:00:18]} 59. Nf3 {[%clk 0:00:39]} Rg6+ {[%clk 0:00:19]} 60. Kh2
{[%clk 0:00:34]} e2 {[%clk 0:00:20]} 61. Rd2 {[%clk 0:00:39]} Kf6
{[%clk 0:00:15]} 62. Ne1 {[%clk 0:00:46]} Ke5 {[%clk 0:00:20]} 63. Nxd3+
{[%clk 0:00:22]} Rxd3 {[%clk 0:00:24]} 64. Rxe2+ {[%clk 0:00:30]} Kf5
{[%clk 0:00:29]} 65. Re8 {[%clk 0:00:36]} Rd2 {[%clk 0:00:35]} 66. Rf8+
{[%clk 0:00:41]} Rf6 {[%clk 0:00:43]} 67. Rh8 {[%clk 0:00:48]} Rxf2+
{[%clk 0:00:48]} 68. Kg1 {[%clk 0:00:57]} Rxa2 {[%clk 0:00:55]} 69. Rxh5+
{[%clk 0:01:06]} Ke4 {[%clk 0:01:01]} 70. Rd5 {[%clk 0:01:07]} Rg6+
{[%clk 0:01:06]} 71. Kf1 {[%clk 0:01:17]} Rg3 {[%clk 0:01:08]} 0-1

[Event "Moscow Rapid Chess Cup 2018"]
[Site "?"]
[Date "2018.12.08"]
[Round "1.16"]
[White "Glibka, Yulia"]
[Black "Bezgodova, Svetlana"]
[Result "1/2-1/2"]
[BlackElo "2154"]
[WhiteElo "2034"]
[LiveChessVersion "1.4.8"]

1. c4 {[%clk 0:15:18]} Nf6 {[%clk 0:15:19]} 2. Nc3 {[%clk 0:15:26]} d6
{[%clk 0:15:28]} 3. d4 {[%clk 0:15:33]} Nbd7 {[%clk 0:15:37]} 4. Nf3
{[%clk 0:15:41]} c6 {[%clk 0:15:46]} 5. e4 {[%clk 0:15:40]} e5 {[%clk 0:15:55]}
6. Be2 {[%clk 0:15:10]} Be7 {[%clk 0:16:03]} 7. O-O {[%clk 0:15:15]} O-O
{[%clk 0:16:12]} 8. b3 {[%clk 0:15:04]} a6 {[%clk 0:16:16]} 9. Bb2
{[%clk 0:14:52]} b5 {[%clk 0:16:23]} 10. dxe5 {[%clk 0:14:22]} dxe5
{[%clk 0:16:31]} 11. Qc2 {[%clk 0:13:34]} b4 {[%clk 0:16:17]} 12. Na4
{[%clk 0:13:35]} Qc7 {[%clk 0:16:25]} 13. c5 {[%clk 0:12:50]} Re8
{[%clk 0:16:11]} 14. Rac1 {[%clk 0:09:52]} g6 {[%clk 0:16:01]} 15. Bc4
{[%clk 0:08:09]} Nh5 {[%clk 0:16:04]} 16. Qd2 {[%clk 0:07:11]} a5
{[%clk 0:16:12]} 17. Ng5 {[%clk 0:07:03]} Rf8 {[%clk 0:16:05]} 18. Qe3
{[%clk 0:06:38]} Ba6 {[%clk 0:15:25]} 19. Bxa6 {[%clk 0:06:07]} Rxa6
{[%clk 0:15:34]} 20. g3 {[%clk 0:03:59]} Ng7 {[%clk 0:13:19]} 21. Rfd1
{[%clk 0:03:12]} f6 {[%clk 0:13:05]} 22. Qd3 {[%clk 0:03:10]} fxg5
{[%clk 0:12:28]} 23. Qxa6 {[%clk 0:03:06]} g4 {[%clk 0:12:29]} 24. Qe2
{[%clk 0:02:19]} h5 {[%clk 0:12:36]} 25. Rc2 {[%clk 0:01:23]} Kh7
{[%clk 0:12:43]} 26. Bc1 {[%clk 0:01:27]} Ne6 {[%clk 0:12:45]} 27. Be3
{[%clk 0:01:28]} Rf3 {[%clk 0:12:20]} 28. h3 {[%clk 0:01:27]} Bg5
{[%clk 0:12:12]} 29. hxg4 {[%clk 0:01:31]} hxg4 {[%clk 0:12:20]} 30. Kg2
{[%clk 0:01:27]} Nf6 {[%clk 0:12:21]} 31. Rh1+ {[%clk 0:01:30]} Kg7
{[%clk 0:12:30]} 32. Bxg5 {[%clk 0:00:55]} Nxg5 {[%clk 0:12:38]} 33. Re1
{[%clk 0:00:56]} Ngxe4 {[%clk 0:12:21]} 34. Qc4 {[%clk 0:00:57]} Ng5
{[%clk 0:12:16]} 35. Nb2 {[%clk 0:00:50]} e4 {[%clk 0:12:11]} 36. Qd4
{[%clk 0:00:52]} Kg8 {[%clk 0:11:48]} 37. Nc4 {[%clk 0:00:55]} Nd5
{[%clk 0:11:44]} 38. Ne3 {[%clk 0:00:53]} Nf6 {[%clk 0:10:54]} 39. Qd6
{[%clk 0:00:47]} Qc8 {[%clk 0:10:27]} 40. Rd2 {[%clk 0:00:42]} Nf7
{[%clk 0:10:33]} 41. Qd4 {[%clk 0:00:44]} Qe6 {[%clk 0:10:34]} 42. Rh1
{[%clk 0:00:42]} Nh5 {[%clk 0:10:13]} 43. Rh4 {[%clk 0:00:28]} Ne5
{[%clk 0:10:14]} 44. Qd8+ {[%clk 0:00:32]} Kg7 {[%clk 0:10:17]} 45. Rd6
{[%clk 0:00:40]} Qf7 {[%clk 0:10:14]} 46. Rd2 {[%clk 0:00:31]} Rxe3
{[%clk 0:10:13]} 47. Qd4 {[%clk 0:00:25]} Rxg3+ {[%clk 0:09:20]} 48. fxg3
{[%clk 0:00:28]} Qf3+ {[%clk 0:09:29]} 49. Kg1 {[%clk 0:00:33]} Qxg3+
{[%clk 0:09:37]} 50. Kf1 {[%clk 0:00:41]} Nf6 {[%clk 0:09:15]} 51. Qf2
{[%clk 0:00:34]} Qc3 {[%clk 0:08:58]} 52. Rd6 {[%clk 0:00:33]} Nf3
{[%clk 0:09:05]} 53. Rh1 {[%clk 0:00:39]} e3 {[%clk 0:09:06]} 54. Qe2
{[%clk 0:00:30]} Qxc5 {[%clk 0:08:59]} 55. Rd3 {[%clk 0:00:30]} Nd5
{[%clk 0:09:04]} 56. Qb2+ {[%clk 0:00:33]} Nc3 {[%clk 0:09:08]} 57. Kg2
{[%clk 0:00:35]} Ne5 {[%clk 0:09:07]} 58. Rd8 {[%clk 0:00:39]} e2
{[%clk 0:09:06]} 59. Qd2 {[%clk 0:00:21]} Nf7 {[%clk 0:09:01]} 60. Rd7
{[%clk 0:00:28]} Kg8 {[%clk 0:08:41]} 61. Qf4 {[%clk 0:00:24]} Qf5
{[%clk 0:08:36]} 62. Qb8+ {[%clk 0:00:29]} Kg7 {[%clk 0:08:29]} 63. Qh8#
{[%clk 0:00:37]} 1/2-1/2

[Event "Moscow Rapid Chess Cup 2018"]
[Site "?"]
[Date "2018.12.08"]
[Round "2.1"]
[White "Yeletsky, Ivan"]
[Black "Shinkevich, Vitaly"]
[Result "0-1"]
[BlackElo "2545"]
[WhiteElo "2294"]
[LiveChessVersion "1.4.8"]

1. e4 {[%clk 0:15:17]} c5 {[%clk 0:15:10]} 2. Nf3 {[%clk 0:15:25]} d6
{[%clk 0:15:19]} 3. d4 {[%clk 0:15:33]} cxd4 {[%clk 0:15:28]} 4. Nxd4
{[%clk 0:15:42]} Nf6 {[%clk 0:15:36]} 5. Nc3 {[%clk 0:15:49]} g6 {[%clk 0:15:39]}
6. Be3 {[%clk 0:15:58]} Bg7 {[%clk 0:15:48]} 7. f3 {[%clk 0:16:06]} O-O
{[%clk 0:15:55]} 8. Qd2 {[%clk 0:16:15]} Nc6 {[%clk 0:16:04]} 9. O-O-O
{[%clk 0:16:22]} d5 {[%clk 0:16:13]} 10. Nxc6 {[%clk 0:16:29]} bxc6
{[%clk 0:16:22]} 11. Bh6 {[%clk 0:16:38]} Qa5 {[%clk 0:13:23]} 12. Bxg7
{[%clk 0:15:40]} Kxg7 {[%clk 0:13:31]} 13. exd5 cxd5 {[%clk 0:13:14]} 14. g4
{[%clk 0:15:47]} e6 {[%clk 0:07:02]} 15. h4 {[%clk 0:14:16]} h5 {[%clk 0:05:34]}
16. Be2 {[%clk 0:11:24]} Rb8 {[%clk 0:05:22]} 17. b3 {[%clk 0:09:26]} Qb4
{[%clk 0:03:46]} 18. Qe3 {[%clk 0:08:44]} Rd8 {[%clk 0:01:15]} 19. Rd4
{[%clk 0:04:45]} Qc5 {[%clk 0:01:23]} 20. gxh5 {[%clk 0:03:54]} Rb4
{[%clk 0:01:19]} 21. h6+ {[%clk 0:03:34]} Kh7 {[%clk 0:01:23]} 22. Rhd1
{[%clk 0:03:25]} e5 {[%clk 0:01:03]} 23. R4d3 {[%clk 0:00:19]} d4
{[%clk 0:01:06]} 24. Qg5 {[%clk 0:00:20]} Rb6 {[%clk 0:00:39]} 25. Ne4
{[%clk 0:00:13]} Qa3+ {[%clk 0:00:37]} 26. Kd2 {[%clk 0:00:13]} Nxe4+ 27. fxe4
{[%clk 0:00:22]} Qa5+ {[%clk 0:00:21]} 28. Kc1 {[%clk 0:00:28]} Qa3+
{[%clk 0:00:14]} 29. Kb1 {[%clk 0:00:23]} f6 {[%clk 0:00:20]} 30. Qd2
{[%clk 0:00:17]} Ra6 {[%clk 0:00:14]} 0-1

[Event "Moscow Rapid Chess Cup 2018"]
[Site "?"]
[Date "2018.12.08"]
[Round "2.2"]
[White "Sychev, Klementy"]
[Black "Lavrov, Maxim"]
[Result "1-0"]
[BlackElo "2333"]
[WhiteElo "2544"]
[LiveChessVersion "1.4.8"]

1. e4 {[%clk 0:15:19]} e5 {[%clk 0:15:18]} 2. Nf3 {[%clk 0:15:26]} Nc6
{[%clk 0:15:26]} 3. Bb5 {[%clk 0:15:16]} a6 {[%clk 0:15:34]} 4. Ba4
{[%clk 0:15:24]} Nf6 {[%clk 0:15:41]} 5. O-O {[%clk 0:15:30]} Be7
{[%clk 0:15:49]} 6. d3 {[%clk 0:15:35]} b5 {[%clk 0:15:55]} 7. Bb3
{[%clk 0:15:44]} d6 {[%clk 0:16:02]} 8. a4 {[%clk 0:15:43]} b4 {[%clk 0:15:41]}
9. a5 {[%clk 0:15:28]} O-O {[%clk 0:15:40]} 10. Nbd2 {[%clk 0:15:36]} Rb8
{[%clk 0:14:26]} 11. Nc4 {[%clk 0:15:35]} Bg4 {[%clk 0:14:08]} 12. Be3
{[%clk 0:15:42]} d5 {[%clk 0:11:54]} 13. exd5 {[%clk 0:13:00]} Nxd5
{[%clk 0:12:01]} 14. Ba4 {[%clk 0:13:01]} Nd4 {[%clk 0:09:15]} 15. Bxd4
{[%clk 0:12:23]} exd4 {[%clk 0:09:21]} 16. Nce5 {[%clk 0:12:30]} Bh5
{[%clk 0:06:35]} 17. Nc6 {[%clk 0:08:21]} Qd6 {[%clk 0:06:40]} 18. Nxb8
{[%clk 0:07:41]} Rxb8 {[%clk 0:06:48]} 19. Qe2 {[%clk 0:07:12]} Nf4
{[%clk 0:05:08]} 20. Qe4 {[%clk 0:05:47]} Bg6 {[%clk 0:03:13]} 21. Qe5
{[%clk 0:04:47]} c5 {[%clk 0:02:28]} 22. Rfe1 {[%clk 0:04:34]} Bf8
{[%clk 0:02:17]} 23. Bb3 {[%clk 0:02:52]} Bh5 {[%clk 0:01:58]} 24. Qxd6 Bxd6
{[%clk 0:02:06]} 25. Nd2 {[%clk 0:02:45]} Kf8 {[%clk 0:01:57]} 26. Bc4
{[%clk 0:01:43]} Ra8 {[%clk 0:02:01]} 27. g3 {[%clk 0:01:28]} Ng6
{[%clk 0:01:43]} 28. Ne4 {[%clk 0:01:14]} Be7 {[%clk 0:01:50]} 1-0

[Event "Moscow Rapid Chess Cup 2018"]
[Site "?"]
[Date "2018.12.08"]
[Round "2.3"]
[White "Gurvich, Vitaly"]
[Black "Golubov, Saveliy"]
[Result "1/2-1/2"]
[BlackElo "2542"]
[WhiteElo "2255"]
[LiveChessVersion "1.4.8"]

1. c4 {[%clk 0:15:18]} Nf6 {[%clk 0:15:18]} 2. Nc3 {[%clk 0:15:26]} g6
{[%clk 0:15:26]} 3. e4 {[%clk 0:15:33]} d6 {[%clk 0:15:35]} 4. d4
{[%clk 0:15:41]} Bg7 {[%clk 0:15:43]} 5. Be2 {[%clk 0:15:49]} O-O
{[%clk 0:15:46]} 6. Bg5 {[%clk 0:15:57]} h6 {[%clk 0:15:27]} 7. Be3
{[%clk 0:16:03]} e5 {[%clk 0:15:36]} 8. d5 {[%clk 0:16:03]} c5 {[%clk 0:15:18]}
9. Qd2 {[%clk 0:14:51]} h5 {[%clk 0:15:26]} 10. h4 {[%clk 0:14:37]} a6
{[%clk 0:15:30]} 11. a4 {[%clk 0:14:42]} Qa5 {[%clk 0:15:30]} 12. f3
{[%clk 0:14:18]} Nh7 {[%clk 0:11:13]} 13. Nh3 {[%clk 0:13:59]} f5
{[%clk 0:11:17]} 14. Bh6 {[%clk 0:10:25]} f4 {[%clk 0:10:49]} 15. Bxg7
{[%clk 0:10:29]} Kxg7 {[%clk 0:10:58]} 16. Nf2 {[%clk 0:10:12]} Bd7
{[%clk 0:09:49]} 17. Ncd1 {[%clk 0:09:52]} Qd8 {[%clk 0:09:39]} 18. a5
{[%clk 0:09:56]} Be8 {[%clk 0:08:56]} 19. Nd3 {[%clk 0:09:36]} Nd7
{[%clk 0:08:54]} 20. Qc3 {[%clk 0:08:09]} Rc8 {[%clk 0:08:53]} 21. Kd2
{[%clk 0:08:00]} Qe7 {[%clk 0:07:54]} 1/2-1/2

[Event "Moscow Rapid Chess Cup 2018"]
[Site "?"]
[Date "2018.12.08"]
[Round "2.5"]
[White "Zlotnik, Andrey"]
[Black "Zakhartsov, Vladimir"]
[Result "0-1"]
[BlackElo "2473"]
[WhiteElo "2092"]
[LiveChessVersion "1.4.8"]

1. b3 {[%clk 0:15:19]} e5 {[%clk 0:15:09]} 2. e3 {[%clk 0:15:27]} g6
{[%clk 0:14:40]} 3. d4 {[%clk 0:15:18]} Bg7 {[%clk 0:14:41]} 4. Bb2
{[%clk 0:14:50]} exd4 {[%clk 0:14:41]} 5. Bxd4 {[%clk 0:14:57]} Nf6
{[%clk 0:14:49]} 6. Nf3 {[%clk 0:13:59]} O-O {[%clk 0:14:48]} 7. Be2
{[%clk 0:14:02]} d5 {[%clk 0:14:30]} 8. O-O {[%clk 0:14:08]} b6 {[%clk 0:14:34]}
9. Nbd2 {[%clk 0:13:13]} c5 {[%clk 0:14:38]} 10. Bb2 {[%clk 0:13:21]} Nc6
{[%clk 0:14:28]} 11. Ne5 {[%clk 0:13:00]} Bb7 {[%clk 0:14:21]} 12. Bf3
{[%clk 0:12:50]} Ne7 {[%clk 0:14:07]} 13. c4 {[%clk 0:12:14]} Qc7
{[%clk 0:14:04]} 14. cxd5 {[%clk 0:11:38]} Nfxd5 {[%clk 0:14:12]} 15. Nec4
{[%clk 0:11:27]} Bxb2 {[%clk 0:14:07]} 16. Nxb2 {[%clk 0:11:36]} Rad8
{[%clk 0:14:11]} 17. Qc1 {[%clk 0:10:26]} Rd7 {[%clk 0:13:56]} 18. Rd1
{[%clk 0:09:59]} Rfd8 {[%clk 0:13:36]} 19. Ne4 {[%clk 0:09:06]} Qe5
{[%clk 0:13:10]} 20. Nc4 {[%clk 0:08:47]} Qg7 {[%clk 0:13:18]} 21. Ned6
{[%clk 0:08:43]} Nc3 {[%clk 0:12:38]} 22. Rd3 {[%clk 0:06:40]} Bxf3
{[%clk 0:12:40]} 23. Qxc3 {[%clk 0:06:07]} Qxc3 {[%clk 0:11:33]} 24. Rxc3
{[%clk 0:06:16]} Bc6 {[%clk 0:11:29]} 25. a4 {[%clk 0:05:11]} Nc8
{[%clk 0:10:45]} 26. Rcc1 {[%clk 0:04:20]} Nxd6 {[%clk 0:10:43]} 27. Ne5
{[%clk 0:04:30]} Rc7 {[%clk 0:10:51]} 28. b4 {[%clk 0:04:29]} Be8
{[%clk 0:10:47]} 29. a5 {[%clk 0:04:31]} f6 {[%clk 0:10:31]} 30. axb6
{[%clk 0:04:19]} axb6 {[%clk 0:10:40]} 31. Nf3 {[%clk 0:04:28]} c4
{[%clk 0:10:14]} 32. Nd4 {[%clk 0:04:36]} Kf7 {[%clk 0:10:14]} 33. Ra6
{[%clk 0:04:44]} Rb8 {[%clk 0:10:13]} 34. h4 {[%clk 0:04:35]} Nb5
{[%clk 0:10:18]} 35. Nc2 {[%clk 0:04:15]} Ra7 {[%clk 0:10:15]} 36. Rca1
{[%clk 0:04:04]} Rbb7 {[%clk 0:10:05]} 37. h5 {[%clk 0:04:08]} gxh5
{[%clk 0:09:47]} 38. g3 {[%clk 0:04:03]} Bc6 {[%clk 0:09:44]} 39. Kh2
{[%clk 0:03:37]} Be4 {[%clk 0:09:46]} 40. Rxb6 Rxb6 {[%clk 0:09:52]} 0-1

[Event "Moscow Rapid Chess Cup 2018"]
[Site "?"]
[Date "2018.12.08"]
[Round "2.6"]
[White "Parpiev, Isaak"]
[Black "Naumkin, Igor"]
[Result "0-1"]
[BlackElo "2410"]
[WhiteElo "1447"]
[LiveChessVersion "1.4.8"]

1. d4 Nf6 2. c4 e6 3. Nc3 Bb4 4. e3 c5 5. dxc5 O-O 6. Nf3 Na6 7. Be2 Nxc5 8. O-O
Bxc3 9. bxc3 b6 10. Ba3 d6 11. Qc2 Bd7 12. Bxc5 bxc5 13. Rfd1 Qc7 14. Bd3 h6 15.
h3 Rfb8 16. Rab1 Rb6 17. Nd2 Rab8 18. Ne4 Ne8 19. Rxb6 Qxb6 20. Rb1 Qxb1+ 21.
Qxb1 Rxb1+ 22. Bxb1 Kf8 23. Kf1 Ke7 24. Ke1 Nc7 25. Kd1 Bc6 26. f3 Na8 27. Nd2
Nb6 28. Kc2 g5 29. Kb3 f5 30. g4 Kf6 31. Bd3 Ba4+ 32. Ka3 Bd1 33. Kb2 Na4+ 34.
Kc1 Nxc3 35. Kb2 Ne2 36. Bxe2 Bxe2 37. Ka3 Bd1 38. Kb2 Ke5 39. Kc3 Be2 40. a3 f4
41. e4 a6 42. a4 a5 43. Nb3 Bxf3 44. Nxa5 Bxe4 0-1

[Event "Moscow Rapid Chess Cup 2018"]
[Site "?"]
[Date "2018.12.08"]
[Round "2.8"]
[White "Ulko, Jaroslav"]
[Black "Stukan, Martin"]
[Result "0-1"]
[BlackElo "1980"]
[WhiteElo "2424"]
[LiveChessVersion "1.4.8"]

1. d4 {[%clk 0:15:18]} Nf6 {[%clk 0:15:19]} 2. c4 {[%clk 0:15:27]} g6
{[%clk 0:15:28]} 3. Nc3 {[%clk 0:15:35]} d5 {[%clk 0:15:38]} 4. cxd5
{[%clk 0:15:43]} Nxd5 {[%clk 0:15:46]} 5. Nf3 {[%clk 0:15:52]} Bg7
{[%clk 0:15:50]} 6. Bg5 {[%clk 0:16:00]} Nxc3 {[%clk 0:15:57]} 7. bxc3
{[%clk 0:16:09]} c5 {[%clk 0:15:52]} 8. Qd2 {[%clk 0:16:15]} cxd4
{[%clk 0:15:34]} 9. cxd4 {[%clk 0:16:23]} Nc6 {[%clk 0:15:43]} 10. e3
{[%clk 0:16:10]} O-O {[%clk 0:15:47]} 11. Rc1 {[%clk 0:15:50]} Be6
{[%clk 0:14:51]} 12. Be2 {[%clk 0:15:37]} Bd5 {[%clk 0:14:17]} 13. O-O
{[%clk 0:15:40]} Qd7 {[%clk 0:13:46]} 14. Rfd1 {[%clk 0:15:28]} Rac8
{[%clk 0:13:19]} 15. Qb2 {[%clk 0:14:25]} a6 {[%clk 0:10:41]} 16. h3
{[%clk 0:11:38]} b5 {[%clk 0:09:54]} 17. Rc5 {[%clk 0:11:18]} Bxf3
{[%clk 0:07:40]} 18. Bxf3 {[%clk 0:03:54]} Nxd4 {[%clk 0:07:44]} 19. Rxd4
{[%clk 0:04:00]} Rxc5 {[%clk 0:07:50]} 20. Rxd7 {[%clk 0:04:08]} Bxb2
{[%clk 0:07:57]} 21. Bxe7 {[%clk 0:04:16]} Rc1+ {[%clk 0:07:57]} 22. Kh2
{[%clk 0:04:24]} Re8 {[%clk 0:06:35]} 23. Bg5 {[%clk 0:02:25]} Be5+
{[%clk 0:06:14]} 24. g3 {[%clk 0:02:33]} Rc7 {[%clk 0:06:18]} 25. Rd5
{[%clk 0:02:27]} Kg7 {[%clk 0:05:26]} 26. e4 {[%clk 0:01:53]} Rc2
{[%clk 0:05:28]} 27. Be3 {[%clk 0:02:01]} Rxa2 {[%clk 0:05:24]} 28. Kg2
{[%clk 0:02:04]} b4 {[%clk 0:05:30]} 29. Bd1 {[%clk 0:02:10]} Ra3
{[%clk 0:05:18]} 30. Bc5 {[%clk 0:02:14]} a5 {[%clk 0:04:57]} 31. f4
{[%clk 0:02:21]} Bc3 {[%clk 0:05:04]} 32. e5 {[%clk 0:02:28]} Ra2+
{[%clk 0:05:09]} 33. Kf3 {[%clk 0:02:36]} Rd2 {[%clk 0:05:17]} 34. Ke4
{[%clk 0:02:29]} f5+ {[%clk 0:04:39]} 0-1